Catalog

Record Details

Catalog Search



Who is Michelle Obama?  Cover Image Book Book

Who is Michelle Obama? / by Megan Stine ; illustrated by John O'Brien.

Stine, Megan, (author.). O'Brien, John, 1953- (illustrator.).

Summary:

Born into a close knit family in Chicago, Michelle Robinson was a star student who graduated from Princeton and Harvard Law. Then in 1992, she married another promising young lawyer and the rest, as they say, is history. It is undeniable that President Barack Obama has changed the United States but so has Michelle Obama, the self proclaimed "Mom in Chief."

Record details

  • ISBN: 9780448478630
  • ISBN: 0448478633
  • ISBN: 9780606321310
  • ISBN: 0606321314
  • ISBN: 9780448478647
  • ISBN: 0448478641
  • Physical Description: 108 pages : illustrations, maps ; 20 cm
  • Publisher: New York, New York : Grosset & Dunlap, An Imprint of Penguin Group (USA), [2013]

Content descriptions

Bibliography, etc. Note:
Includes bibliographical references (page 108).
Formatted Contents Note:
Who is Michelle Obama? -- A close family -- Making the grades -- Meeting Barack -- Making choices -- A new family -- Politics -- Race for the White House -- First lady -- Timelines.
Subject: Obama, Michelle, 1964- > Juvenile literature.
Presidents' spouses > United States > Biography > Juvenile literature.
African American women lawyers > Illinois > Chicago > Biography > Juvenile literature.
Lawyers > Biography.
Chicago (Ill.) > Biography > Juvenile literature.
Genre: Juvenile works.
Biographies.

Available copies

  • 1 of 1 copy available at scottsboropl.

Holds

  • 0 current holds with 1 total copy.
Show Only Available Copies
Location Call Number / Copy Notes Barcode Shelving Location Status Due Date
scottsboropl J 973.9 Sti 32269001238123 Juvenile - NonFiction Available -

LDR 05806cam a2201201 i 4500
001161539
003SBPL
00520230816112853.0
008130513s2013 nyuab j b 000 0beng
010 . ‡a 2013017264
020 . ‡a9780448478630 ‡q(paperback)
020 . ‡a0448478633 ‡q(paperback)
020 . ‡a9780606321310 ‡q(Turtleback)
020 . ‡a0606321314 ‡q(Turtleback)
020 . ‡a9780448478647 ‡q(hardcover)
020 . ‡a0448478641 ‡q(hardcover)
035 . ‡a(OCoLC)832284264 ‡z(OCoLC)855278415 ‡z(OCoLC)902671485 ‡z(OCoLC)953804053 ‡z(OCoLC)965999950
05000. ‡aE909.O24 ‡bS75 2013
08200. ‡a973.932092 ‡aB ‡223
1001 . ‡aStine, Megan, ‡eauthor.
24510. ‡aWho is Michelle Obama? / ‡cby Megan Stine ; illustrated by John O'Brien.
264 1. ‡aNew York, New York : ‡bGrosset & Dunlap, An Imprint of Penguin Group (USA), ‡c[2013]
300 . ‡a108 pages : ‡billustrations, maps ; ‡c20 cm
336 . ‡atext ‡btxt ‡2rdacontent
337 . ‡aunmediated ‡bn ‡2rdamedia
338 . ‡avolume ‡bnc ‡2rdacarrier
4901 . ‡aWho is...?
504 . ‡aIncludes bibliographical references (page 108).
5050 . ‡aWho is Michelle Obama? -- A close family -- Making the grades -- Meeting Barack -- Making choices -- A new family -- Politics -- Race for the White House -- First lady -- Timelines.
520 . ‡aBorn into a close knit family in Chicago, Michelle Robinson was a star student who graduated from Princeton and Harvard Law. Then in 1992, she married another promising young lawyer and the rest, as they say, is history. It is undeniable that President Barack Obama has changed the United States but so has Michelle Obama, the self proclaimed "Mom in Chief."
60010. ‡aObama, Michelle, ‡d1964- ‡vJuvenile literature.
650 0. ‡aPresidents' spouses ‡zUnited States ‡vBiography ‡vJuvenile literature.
650 0. ‡aAfrican American women lawyers ‡zIllinois ‡zChicago ‡vBiography ‡vJuvenile literature.
650 7. ‡aLawyers ‡vBiography. ‡2sears
651 0. ‡aChicago (Ill.) ‡vBiography ‡vJuvenile literature.
655 7. ‡aJuvenile works.
655 7. ‡aBiographies. ‡2lcgft
7001 . ‡aO'Brien, John, ‡d1953- ‡eillustrator.
830 0. ‡aWho is-- ?
901 . ‡a161539 ‡bAUTOGEN ‡c161539 ‡tbiblio

Additional Resources